Enterradme de pie (Record no. 178030)

MARC details
000 -LEADER
campo de control de longitud fija 01125nam a2200337 4500
001 - NÚMERO DE CONTROL
campo de control 178030
003 - IDENTIFICADOR DE NÚMERO DE CONTROL
campo de control ES-MaACL
005 - FECHA Y HORA DE LA ÚLTIMA TRANSACCIÓN
campo de control 20250814063255.0
008 - DATOS DE LONGITUD FIJA--INFORMACIÓN GENERAL
campo de control de longitud fija 110513s2009 sp abo |||| |dspa d
017 ## - NÚMERO DE COPYRIGHT O DE DEPÓSITO LEGAL
Número de copyright o de depósito legal B.27331-2009
020 ## - NÚMERO INTERNACIONAL ESTÁNDAR DEL LIBRO
Número Internacional Estándar del Libro 9788433925855
080 ## - NÚMERO DE LA CLASIFICACIÓN DECIMAL UNIVERSAL
Número de la Clasificación Decimal Universal 929 Fonseca, Isabel
080 ## - NÚMERO DE LA CLASIFICACIÓN DECIMAL UNIVERSAL
Número de la Clasificación Decimal Universal 94(=214.58:4-11)
080 ## - NÚMERO DE LA CLASIFICACIÓN DECIMAL UNIVERSAL
Número de la Clasificación Decimal Universal 308(=214.58:4-11)
100 1# - ENTRADA PRINCIPAL--NOMBRE DE PERSONA
Nombre de persona Fonseca, Isabel,
Fechas asociadas al nombre 1961-
9 (RLIN) 146518
245 10 - MENCIÓN DEL TÍTULO
Título Enterradme de pie
Resto del título : la odisea de los gitanos /
Mención de responsabilidad, etc. [Isabel Fonseca ; traducción de José Manuel Álvarez Flórez].
250 ## - MENCION DE EDICION
Mención de edición 1ª ed.
260 ## - PUBLICACIÓN, DISTRIBUCIÓN, ETC.
Lugar de publicación, distribución, etc. Barcelona :
Nombre del editor, distribuidor, etc. Anagrama,
Fecha de publicación, distribución, etc. 2009.
300 ## - DESCRIPCIÓN FÍSICA
Extensión 383 p. :
Otras características físicas il., fot., mapas ;
Dimensiones 22 cm.
490 1# - MENCIÓN DE SERIE
Mención de serie Crónicas ;
Designación de volumen o secuencia 85
500 ## - NOTA GENERAL
Nota general Índice.
504 ## - NOTA DE BIBLIOGRAFÍA, ETC.
Nota de bibliografía, etc. Bibliografía: p. 361-372.
600 17 - PUNTO DE ACCESO ADICIONAL DE MATERIA--NOMBRE DE PERSONA
Nombre de persona Fonseca, Isabel,
Fechas asociadas al nombre 1961-
Fuente del encabezamiento o término
9 (RLIN) 146518
650 #7 - PUNTO DE ACCESO ADICIONAL DE MATERIA--TÉRMINO DE MATERIA
Término de materia o nombre geográfico como elemento de entrada Gitanos-
Subdivisión general Historia.
9 (RLIN) 13122
650 #4 - PUNTO DE ACCESO ADICIONAL DE MATERIA--TÉRMINO DE MATERIA
Término de materia o nombre geográfico como elemento de entrada Gitanos-
Subdivisión general Situación social.
9 (RLIN) 170721
700 1# - ENTRADA AGREGADA--NOMBRE PERSONAL
Nombre de persona Álvarez Flórez, José Manuel.
9 (RLIN) 20809
830 0# - PUNTO DE ACCESO ADICIONAL DE SERIE-TÍTULO UNIFORME
Título uniforme Crónicas ;
Designación de volumen o secuencia 85
9 (RLIN) 190697
852 ## - LOCALIZACIÓN
Ubicación ES-MaACL
itemnumber 184889
Sublocalización o colección R.145596
Número de control de estantería A-11170
Signatura antigua Olim: N-4175
Ubicación en estantería Depósito 1
942 ## - ELEMENTOS DE ENTRADA SECUNDARIOS (KOHA)
Fuente del sistema de clasificación o colocación Clasificación decimal universal
Holdings
Estatus retirado Estado de pérdida Fuente del sistema de clasificación o colocación Estado de daño No para préstamo Biblioteca de origen Biblioteca actual Ubicación en estantería Fecha de adquisición Fuente de adquisición Total de préstamos Signatura topográfica completa Código de barras Visto por última vez Precio de reemplazo Tipo de ítem Koha
    Clasificación decimal universal     Biblioteca del Ateneo de Madrid Biblioteca del Ateneo de Madrid Depósito 1 13/05/2011 Compra   A-11170 1187022 23/02/2023 23/02/2023 Libro impreso